Samuel L. Jackson Movies - Sudden Death - Statistics

General Stats
  • This quiz has been taken 122 times
  • The average score is 8 of 19
Answers on the Grid
Answers color-coded by a green-red scale on the quiz's grid according to % correct below.
Django Unchained
Malcolm X
Lethal Weapon
Fight Club
Pulp Fiction
Con Air
The Hitman's Bodyguard
Black Hawk Down
Interstellar
Rules of Engagement
The Day After Tomorrow
All the President's Men
Training Day
The Incredibles
Sphere
John Wick
Jurassic Park
Snakes on a Plane
Invictus
Kong: Skull Island
Goodfellas
Contagion
S.W.A.T.
Big Game
2012
Star Wars Episode I: The Phantom Menace
American Sniper
Vice
Argylle
Kingsman: The Secret Service
Dave
Jackie Brown
Shaft
The Matrix
Glass
The Hateful Eight
 
Answer Stats
Answer % Correct
Django Unchained
84%
Pulp Fiction
81%
Snakes on a Plane
62%
Star Wars Episode I: The Phantom Menace
62%
The Hateful Eight
60%
Jackie Brown
56%
The Incredibles
55%
Shaft
54%
The Hitman's Bodyguard
48%
Jurassic Park
47%
Kingsman: The Secret Service
47%
Kong: Skull Island
43%
Glass
42%
S.W.A.T.
29%
Goodfellas
22%
Rules of Engagement
19%
Big Game
13%
Argylle
12%
Sphere
9%
No matching quizzes found
Score Distribution
Percent of People with Each Score
Percentile by Number Answered
Your Score History
You have not taken this quiz